Manchester United FC Managers since WWII - Statistics

General Stats
  • This quiz has been taken 791 times
    375 since last reset
  • The average score is 8 of 13
Answer Stats
Hint Answer % Correct
1986-2013 Alex Ferguson
97%
2013-14 David Moyes
87%
2018 - Ole Gunnar Solskjaer
87%
2014 - 2016 Louis Van Gaal
85%
2014 (interim) Ryan Giggs
79%
1945-69 & 1970-71 Matt Busby
76%
2016 - 2018 Jose Mourinho
61%
1981-86 Ron Atkinson
50%
1972-77 Tommy Docherty
36%
1977-81 Dave Sexton
30%
1971-72 Frank O'Farrell
22%
1958 (interim) Jimmy Murphy
22%
1969-70 Wilf McGuinness
21%
No matching quizzes found
Score Distribution
Percent of People with Each Score
Percentile by Number Answered
Your Score History
You have not taken this quiz since the last reset